000 01123nji a22002657a 4500
005 20100920155736.0
006 a|||||r|||||00| 0
007 sd ammalaaahaa
008 100830t xxu||||| |||| 00| 0 eng d
028 _aBMLP.2016
_bHis Master's Voice
035 _aGR-04135
040 _aSED
_cSED
100 _917455
_aTambe, Govindrao
245 _aYaadon ki manzil /
_cby Govindrao Tambe...[et.al]
_h[sound recording] :
246 _aयादों की मंजिल / गोविंदराव ताम्बे द्वारा
260 _aDum Dum, India
_bHis Master's Voice
_c1987
300 _a1 sound disc [Gramophone Recording]:
_banalog, 33 1/3 rpm
_c12.5 in. (LP)
_fGramophone Record
500 _aBrief Record
500 _aRecord labels :His Master's Voice, Red
505 _aSide-1 Chhod aakash ko sitare - Maya Machinder (Govindrao Tambe) -- Side-2 Jhuki aai badariya - Bhabhi (Renuka)
600 _aTambe, Govindrao
_920832
650 _aFilm songs
_zIndia
_91186
_xExcerpts
942 _2ddc
_cGR
999 _c47100
_d47100